| 000 | 01260cam a22001814a 4500 | ||
|---|---|---|---|
| 005 | 20250605164055.0 | ||
| 008 | 250528s ||||||||||||||||||||||||d | ||
| 035 | _a17447 | ||
| 040 |
_aGR-AtMCL _bgre _dGR-AtMCL _eAACR2 |
||
| 245 | 1 |
_aΔυναμική των Συνεχών Ελαστικών Συστημάτων / Γραμμικοί Φορείς. _nΤόμος Ι |
|
| 260 |
_bΣυμεών, _c1989 |
||
| 300 | _a310 | ||
| 520 | _aΠρόλογος, Καμπτική Ταλάντωσις Δοκών, Προσδιορισμός Κινήσεως εκ των Αρχικών Συνθηκών, Εξηναγκασμένη Κίνησις, Προβλήματα Δυναμικής Συμπεριφοράς, Προβλήματα Αρμονικής Ταλαντώσεως, Κινούμενα Φορτία, Διαμήκης και Στρεπτική Ταλάντωσις Πρισματικών Ράβδων, Δυναμική Συμπεριφορά Δοκών Timoshenko και Ιξοελαστικών Δοκών, Η Δυναμική Μέθοδος δια τον Έλεγχον Ελαστικής Ευστάθειας, Ευρετήριον Λέξεων. | ||
| 700 | 1 |
_aΚουνάδης Αντώνιος Ν _93595 |
|
| 942 | _cBK | ||
| 999 |
_c2863 _d2863 |
||